| 000 | 01400nam0a2200313 4500 | ||
|---|---|---|---|
| 001 | RU\NLR\bibl\964351 | ||
| 005 | 20260406020744.0 | ||
| 010 |
_a5-98191-016-Х _9250 |
||
| 021 |
_aRU _b2006-26384 _91310 |
||
| 035 | _a(NLR Aleph) 000952360 | ||
| 090 |
_a287749 _c287749 |
||
| 100 | _a20060703d2006 |||y0rusy50 ca | ||
| 101 | 0 | _arus | |
| 102 | _aRU | ||
| 105 | _aa ||||||||| | ||
| 200 | 1 |
_aРазвитие горно-металлургических предприятий: информационные и организационно-экономические аспекты _fА.Г. Воробьев |
|
| 210 |
_aМосква _cРуда и Металлы _d2006 |
||
| 215 |
_a182, [1] c. _cил. _d23 |
||
| 320 | _aБиблиогр.: с. 179-180 (27 назв.) | ||
| 606 | 1 |
_aГорнорудная промышленность _yРоссийская Федерация _92079303 _3RU\NLR\auth\661255180 |
|
| 606 | 1 |
_aГорнометаллургические комбинаты _yРоссийская Федерация _92432339 _3RU\NLR\auth\661447656 |
|
| 686 | _aУ30(2)545.1 | ||
| 700 | 1 |
_4070 _8rus _7ca _aВоробьев _bА. Г. _cд-р экон. наук _gАлександр Григорьевич _3RU\NLR\auth\77122246 _9105171 |
|
| 801 | 0 |
_aRU _bNLR _c20060703 _grcr |
|
| 801 | 1 |
_aRU _bNLR _c20060703 |
|
| 830 | _aавт. по кн. | ||
| 942 | _cBOOK | ||
| 980 | _aNB | ||